000 00802pam a2200205 a 4500
001 1581250
005 20180223065659.0
008 931203s1994 nyua j 001 0 eng
010 _a 93047374
040 _aDLC
_cDLC
_dDLC
041 _aeng
080 _a530.0712 CUN
082 0 0 _a530.0712 CUN
_220
100 1 _a43
101 _aFIZ
245 1 0 _aHands-on physics activities with real-life applications :
_cJames Cunningham, Norman Herr.
906 _a7
_bcbc
_corignew
_d1
_eocip
_f19
_gy-gencatlg
942 _2ddc
_cBK
999 _c43227
_d43227